| 000 | 00572nam a2200217Ia 4500 | ||
|---|---|---|---|
| 008 | 101110s9999 xx 000 0 und d | ||
| 041 | _aMARATHI | ||
| 082 |
_bJR5880 _a891.46009 |
||
| 100 | _aKulkarni V.L., Gadgil Gangadhar, Karandikar Vinda | ||
| 245 | _aSanwad (Vijya rajadhyaksha) | ||
| 260 |
_c2000 _bGranthali prakashan,Mumbai |
||
| 300 | _a289 | ||
| 365 | _b150 | ||
| 520 | _aMarathi | ||
| 546 | _aMARATHI | ||
| 630 | _aSanwad (Vijya rajadhyaksha) | ||
| 650 | _aMarathi | ||
| 655 | _aMarathi | ||
| 730 | _aSanwad (Vijya rajadhyaksha) | ||
| 942 | _cBOOK | ||
| 999 |
_c796674 _d796671 |
||